Communicating Globally (Record no. 257878)

MARC details
000 -LEADER
fixed length control field 00343pam a2200157a 44500
008 - FIXED-LENGTH DATA ELEMENTS--GENERAL INFORMATION
fixed length control field 230405s2023 xxu||||| |||| 00| 0 eng d
041 ## - LANGUAGE CODE
Language code of text/sound track or separate title ENG
100 ## - MAIN ENTRY--PERSONAL NAME
Personal name Kitchen Philip
245 ## - TITLE STATEMENT
Title Communicating Globally
250 ## - EDITION STATEMENT
Edition statement 1
260 ## - PUBLICATION, DISTRIBUTION, ETC.
Place of publication, distribution, etc.
Name of publisher, distributor, etc. Ntc Businse
Date of publication, distribution, etc. 2023
300 ## - PHYSICAL DESCRIPTION
Extent 280p,23cm
440 ## - SERIES STATEMENT/ADDED ENTRY--TITLE
Title 695
690 ## - LOCAL SUBJECT ADDED ENTRY--TOPICAL TERM (OCLC, RLIN)
Topical term or geographic name as entry element IMRDA
906 ## - LOCAL DATA ELEMENT F, LDF (RLIN)
a 5019
Holdings
Withdrawn status Lost status Damaged status Not for loan Collection Home library Current library Date acquired Total Checkouts Full call number Barcode Date last seen Price effective from Koha item type
          Institute of Management & Rural Development Administration, Sangli Institute of Management & Rural Development Administration, Sangli 17/05/2012   658.45/PHI RDS-11272 14/04/2023 14/04/2023 Book